[Event "DEM U16w 2018"]
[Site "Willingen GER"]
[Date "2018.05.26"]
[Round "9"]
[White "Ziegenfuß, Larissa"]
[Black "Flach, Helene"]
[Result "0-1"]
[Termination "normal"]
[Board "6"]
[WhiteElo "1671"]
[BlackElo "1891"]
[WhiteClock "00:01:02"]
[BlackClock "00:10:05"]
[PlyCount "74"]
[WhiteFideId "12974722"]
[BlackFideId "12929735"]
[EventCountry "GER"]
[EventRounds "9"]
[EventType "swiss"]
[EventDate "2018.05.19"]

1. e4 {[%clk 1:30:59]} 1... c5 {[%clk 1:30:53]} 2. Nf3 {[%clk 1:31:24]} 2... e6
{[%clk 1:30:52]} 3. d4 {[%clk 1:31:45]} 3... cxd4 {[%clk 1:31:18]} 4. Nxd4 {
[%clk 1:32:11]} 4... a6 {[%clk 1:31:44]} 5. Bd3 {[%clk 1:32:16]} 5... Qb6 {
[%clk 1:31:12]} 6. Nb3 {[%clk 1:30:54]} 6... Qc7 {[%clk 1:31:32]} 7. Qe2 {
[%clk 1:29:35]} 7... d6 {[%clk 1:30:48]} 8. O-O {[%clk 1:27:47]} 8... Nf6 {
[%clk 1:30:57]} 9. c4 {[%clk 1:24:50]} 9... b6 {[%clk 1:30:47]} 10. Nd4 { [%clk
1:22:38]} 10... Bb7 {[%clk 1:30:07]} 11. b3 {[%clk 1:20:19]} 11... Nbd7 { [%clk
1:29:42]} 12. Nd2 {[%clk 1:17:56]} 12... Be7 {[%clk 1:29:10]} 13. Bb2 { [%clk
1:17:04]} 13... O-O {[%clk 1:28:21]} 14. Rae1 {[%clk 1:16:47]} 14... Rfe8
{[%clk 1:21:11]} 15. Kh1 {[%clk 1:13:39]} 15... Nc5 {[%clk 1:19:22]} 16. Bb1 {
[%clk 1:13:22]} 16... d5 {[%clk 0:56:47]} 17. cxd5 {[%clk 1:11:11]} 17... exd5
{[%clk 0:56:50]} 18. e5 {[%clk 1:10:21]} 18... Nfe4 {[%clk 0:56:11]} 19. f4 {
[%clk 1:03:51]} 19... Qd7 {[%clk 0:46:39]} 20. Nxe4 {[%clk 0:42:15]} 20... Nxe4
{[%clk 0:38:51]} 21. Bxe4 {[%clk 0:35:50]} 21... dxe4 {[%clk 0:39:11]} 22. Rd1
{[%clk 0:32:11]} 22... Bc5 {[%clk 0:36:25]} 23. f5 {[%clk 0:28:05]} 23... Qc8 {
[%clk 0:28:31]} 24. Nc2 {[%clk 0:23:10]} 24... Qc7 {[%clk 0:26:40]} 25. f6 {
[%clk 0:21:50]} 25... g6 {[%clk 0:26:15]} 26. Ne3 {[%clk 0:17:36]} 26... Rad8 {
[%clk 0:25:24]} 27. Rc1 {[%clk 0:16:54]} 27... Qb8 {[%clk 0:22:32]} 28. Nc4 {
[%clk 0:14:48]} 28... Rd3 {[%clk 0:20:07]} 29. Rcd1 {[%clk 0:10:12]} 29... Red8
{[%clk 0:19:42]} 30. Rxd3 {[%clk 0:09:48]} 30... Rxd3 {[%clk 0:16:38]} 31. Rd1
{[%clk 0:07:05]} 31... Qd8 {[%clk 0:16:33]} 32. Rxd3 {[%clk 0:04:28]} 32...
exd3 {[%clk 0:16:56]} 33. Qd2 {[%clk 0:03:47]} 33... Qd5 {[%clk 0:15:56]} 34.
Nd6 {[%clk 0:01:37]} 34... Bc6 {[%clk 0:14:49]} 35. Nc4 {[%clk 0:01:11]} 35...
b5 {[%clk 0:12:45]} 36. Ba3 {[%clk 0:00:45]} 36... bxc4 {[%clk 0:09:54]} 37.
bxc4 {[%clk 0:01:02]} 37... Qxg2+ {[%clk 0:10:05]} 0-1

[Event "DEM U16w 2018"]
[Site "Willingen GER"]
[Date "2018.05.26"]
[Round "9"]
[White "Gauchel, Verena"]
[Black "Voß, Henrike"]
[Result "1/2-1/2"]
[Termination "normal"]
[Board "7"]
[WhiteElo "1502"]
[BlackElo "1577"]
[WhiteClock "00:06:00"]
[BlackClock "00:10:34"]
[PlyCount "63"]
[WhiteFideId "12988537"]
[BlackFideId "12971910"]
[EventCountry "GER"]
[EventRounds "9"]
[EventType "swiss"]
[EventDate "2018.05.19"]

1. d4 {[%clk 1:30:59]} 1... d5 {[%clk 1:30:51]} 2. c4 {[%clk 1:31:25]} 2...
dxc4 {[%clk 1:31:16]} 3. Nf3 {[%clk 1:31:27]} 3... Nf6 {[%clk 1:31:35]} 4. Bf4
{[%clk 1:30:10]} 4... e6 {[%clk 1:31:34]} 5. e3 {[%clk 1:29:35]} 5... a6 {
[%clk 1:31:13]} 6. Bxc4 {[%clk 1:29:08]} 6... b5 {[%clk 1:31:32]} 7. Bd3 {
[%clk 1:27:50]} 7... c5 {[%clk 1:31:40]} 8. Bg5 {[%clk 1:24:15]} 8... Bb7 {
[%clk 1:26:13]} 9. O-O {[%clk 1:21:57]} 9... Nbd7 {[%clk 1:20:39]} 10. Nbd2 {
[%clk 1:17:11]} 10... h6 {[%clk 1:15:41]} 11. Bh4 {[%clk 1:15:48]} 11... Be7 {
[%clk 1:12:18]} 12. Rc1 {[%clk 1:13:51]} 12... cxd4 {[%clk 1:06:48]} 13. Nxd4 {
[%clk 1:12:51]} 13... Nc5 {[%clk 0:58:18]} 14. Be2 {[%clk 1:07:26]} 14... Nd5 {
[%clk 0:56:40]} 15. Bxe7 {[%clk 0:58:29]} 15... Qxe7 {[%clk 0:57:02]} 16. N2b3
{[%clk 0:55:48]} 16... Nxb3 {[%clk 0:49:58]} 17. Qxb3 {[%clk 0:52:22]} 17...
O-O {[%clk 0:41:35]} 18. Bf3 {[%clk 0:47:49]} 18... Rac8 {[%clk 0:40:43]} 19.
a3 {[%clk 0:41:51]} 19... Rc7 {[%clk 0:37:19]} 20. Rc2 {[%clk 0:39:31]} 20...
Rfc8 {[%clk 0:35:47]} 21. Rfc1 {[%clk 0:38:44]} 21... Qd7 {[%clk 0:33:12]} 22.
h3 {[%clk 0:34:34]} 22... Rxc2 {[%clk 0:22:35]} 23. Rxc2 {[%clk 0:34:47]} 23...
Rc7 {[%clk 0:21:06]} 24. Rxc7 {[%clk 0:26:17]} 24... Qxc7 {[%clk 0:21:27]} 25.
Qc2 {[%clk 0:25:44]} 25... Qxc2 {[%clk 0:18:32]} 26. Nxc2 {[%clk 0:26:07]}
26... Kf8 {[%clk 0:17:10]} 27. Nb4 {[%clk 0:23:13]} 27... Ke7 {[%clk 0:15:33]}
28. Nxd5+ {[%clk 0:17:36]} 28... Bxd5 {[%clk 0:15:20]} 29. Bxd5 {[%clk 0:16:24]
} 29... exd5 {[%clk 0:15:43]} 30. b4 {[%clk 0:15:08]} 30... Ke6 {[%clk 0:14:37]
} 31. Kf1 {[%clk 0:12:01]} 31... d4 {[%clk 0:10:34]} 32. Ke2 {[%clk 0:06:00]}
1/2-1/2

[Event "DEM U16w 2018"]
[Site "Willingen GER"]
[Date "2018.05.26"]
[Round "9"]
[White "Puls, Luisa"]
[Black "Müdder, Melanie"]
[Result "0-1"]
[Termination "normal"]
[Board "8"]
[WhiteElo "1408"]
[BlackElo "1871"]
[WhiteClock "00:00:54"]
[BlackClock "00:01:22"]
[PlyCount "84"]
[WhiteFideId "16266005"]
[BlackFideId "12994103"]
[EventCountry "GER"]
[EventRounds "9"]
[EventType "swiss"]
[EventDate "2018.05.19"]

1. d4 {[%clk 1:30:58]} 1... d5 {[%clk 1:30:54]} 2. c4 {[%clk 1:31:23]} 2... Nc6
{[%clk 1:31:16]} 3. Nf3 {[%clk 1:31:17]} 3... Bg4 {[%clk 1:31:30]} 4. e3 {
[%clk 1:30:15]} 4... e5 {[%clk 1:30:26]} 5. dxe5 {[%clk 1:20:12]} 5... d4 {
[%clk 1:24:09]} 6. exd4 {[%clk 1:18:05]} 6... Bxf3 {[%clk 1:23:41]} 7. Qxf3 {
[%clk 1:16:35]} 7... Qxd4 {[%clk 1:22:57]} 8. Nc3 {[%clk 1:09:28]} 8... Qxe5+ {
[%clk 1:16:01]} 9. Qe3 {[%clk 1:07:31]} 9... Bd6 {[%clk 1:07:45]} 10. Be2 {
[%clk 1:05:16]} 10... Nge7 {[%clk 1:02:12]} 11. Bd2 {[%clk 1:01:58]} 11...
O-O-O {[%clk 0:56:49]} 12. Rd1 {[%clk 0:58:15]} 12... Qf6 {[%clk 0:47:56]} 13.
Qh3+ {[%clk 0:52:52]} 13... Kb8 {[%clk 0:46:53]} 14. O-O {[%clk 0:52:20]} 14...
Nd4 {[%clk 0:39:37]} 15. Bd3 15... Ng6 {[%clk 0:29:22]} 16. Nd5 {[%clk 0:43:12]
} 16... Qe6 {[%clk 0:25:02]} 17. Qxe6 {[%clk 0:42:47]} 17... Nxe6 { [%clk
0:24:08]} 18. Rfe1 {[%clk 0:38:25]} 18... c6 {[%clk 0:22:14]} 19. Nb4 { [%clk
0:33:55]} 19... Ngf4 {[%clk 0:19:56]} 20. Bxf4 {[%clk 0:30:09]} 20... Nxf4
{[%clk 0:20:00]} 21. Re4 {[%clk 0:18:52]} 21... f5 {[%clk 0:15:39]} 22. Rxf4
{[%clk 0:17:41]} 22... Bxf4 {[%clk 0:15:46]} 23. g3 {[%clk 0:15:21]} 23... Bd6
{[%clk 0:15:11]} 24. Nc2 {[%clk 0:14:21]} 24... g6 {[%clk 0:15:08]} 25. b3
{[%clk 0:13:43]} 25... Rhe8 {[%clk 0:14:45]} 26. Nd4 {[%clk 0:12:00]} 26...
Bxg3 {[%clk 0:12:13]} 27. Nf3 {[%clk 0:09:16]} 27... Bf4 {[%clk 0:12:14]} 28.
Kg2 {[%clk 0:09:06]} 28... Kc7 {[%clk 0:11:15]} 29. h3 {[%clk 0:08:51]} 29...
Re7 {[%clk 0:10:43]} 30. Kf1 {[%clk 0:07:45]} 30... g5 {[%clk 0:09:49]} 31. Ng1
{[%clk 0:06:43]} 31... g4 {[%clk 0:07:48]} 32. hxg4 {[%clk 0:06:26]} 32... fxg4
{[%clk 0:07:37]} 33. Ne2 {[%clk 0:06:08]} 33... Bg5 {[%clk 0:06:51]} 34. Ng3 {
[%clk 0:06:18]} 34... Red7 {[%clk 0:05:47]} 35. Ke2 {[%clk 0:06:24]} 35... Re7+
{[%clk 0:05:42]} 36. Kf1 {[%clk 0:06:43]} 36... Bf4 {[%clk 0:05:09]} 37. Be2 {
[%clk 0:05:58]} 37... Rxd1+ {[%clk 0:03:54]} 38. Bxd1 {[%clk 0:06:23]} 38...
Bxg3 {[%clk 0:03:53]} 39. fxg3 {[%clk 0:06:46]} 39... h5 {[%clk 0:04:12]} 40.
Kf2 {[%clk 0:06:38]} 40... Kd6 {[%clk 0:03:43]} 41. Kg2 {[%clk 0:05:59]} 41...
Kc5 {[%clk 0:01:30]} 42. a3 {[%clk 0:00:54]} 42... Kd4 {[%clk 0:01:22]} 0-1

[Event "DEM U16w 2018"]
[Site "Willingen GER"]
[Date "2018.05.26"]
[Round "9"]
[White "Schiewe, Nadin"]
[Black "Naumenko, Valerija"]
[Result "1/2-1/2"]
[Termination "normal"]
[Board "9"]
[WhiteElo "1598"]
[BlackElo "1611"]
[WhiteClock "00:39:46"]
[BlackClock "00:43:53"]
[PlyCount "53"]
[WhiteFideId "16209079"]
[BlackFideId "16222890"]
[EventCountry "GER"]
[EventRounds "9"]
[EventType "swiss"]
[EventDate "2018.05.19"]

1. e4 {[%clk 1:30:57]} 1... e5 {[%clk 1:30:56]} 2. Nf3 {[%clk 1:31:21]} 2...
Nc6 {[%clk 1:31:22]} 3. c3 {[%clk 1:31:39]} 3... d5 {[%clk 1:31:45]} 4. Qa4 {
[%clk 1:30:49]} 4... f6 {[%clk 1:31:53]} 5. exd5 {[%clk 1:27:57]} 5... Qxd5 {
[%clk 1:31:05]} 6. d4 {[%clk 1:23:20]} 6... Bd7 {[%clk 1:23:41]} 7. Qc4 { [%clk
1:15:09]} 7... Qxc4 {[%clk 1:16:39]} 8. Bxc4 {[%clk 1:15:27]} 8... exd4 { [%clk
1:17:04]} 9. Nxd4 {[%clk 1:14:49]} 9... Nxd4 {[%clk 1:17:27]} 10. cxd4 { [%clk
1:15:11]} 10... Bb4+ {[%clk 1:16:54]} 11. Nc3 {[%clk 1:14:44]} 11... Ne7 {[%clk
1:14:44]} 12. O-O {[%clk 1:13:56]} 12... O-O-O {[%clk 1:14:59]} 13. a3 { [%clk
1:10:21]} 13... Ba5 {[%clk 1:11:06]} 14. b4 {[%clk 1:07:19]} 14... Bb6 { [%clk
1:09:40]} 15. Be3 {[%clk 1:07:09]} 15... Nf5 {[%clk 1:09:47]} 16. Rfd1 { [%clk
1:04:43]} 16... Rhe8 {[%clk 1:09:26]} 17. Nd5 {[%clk 1:02:52]} 17... Ba4 {[%clk
1:08:41]} 18. Rd2 {[%clk 0:59:48]} 18... Nd6 {[%clk 1:05:18]} 19. Nxb6+ {[%clk
0:56:33]} 19... axb6 {[%clk 1:05:35]} 20. Bd3 {[%clk 0:56:31]} 20... Bb5 {[%clk
1:05:08]} 21. Rc1 {[%clk 0:54:11]} 21... Bxd3 {[%clk 1:02:43]} 22. Rxd3 {[%clk
0:54:32]} 22... Rd7 {[%clk 0:59:31]} 23. Kf1 {[%clk 0:51:35]} 23... Nf5 {[%clk
0:59:01]} 24. b5 {[%clk 0:46:09]} 24... Ne7 {[%clk 0:58:42]} 25. a4 { [%clk
0:43:53]} 25... Nd5 {[%clk 0:58:16]} 26. Rcd1 {[%clk 0:40:52]} 26... Rde7
{[%clk 0:43:53]} 27. Re1 {[%clk 0:39:46]} 1/2-1/2

[Event "DEM U16w 2018"]
[Site "Willingen GER"]
[Date "2018.05.26"]
[Round "9"]
[White "Mundt, Alexandra"]
[Black "Kühne, Maria"]
[Result "1/2-1/2"]
[Termination "normal"]
[Board "10"]
[WhiteElo "1578"]
[BlackElo "1614"]
[WhiteClock "00:25:58"]
[BlackClock "00:21:38"]
[PlyCount "82"]
[WhiteFideId "16217276"]
[BlackFideId "12997412"]
[EventCountry "GER"]
[EventRounds "9"]
[EventType "swiss"]
[EventDate "2018.05.19"]

1. Nf3 {[%clk 1:30:58]} 1... Nc6 {[%clk 1:30:56]} 2. d4 {[%clk 1:31:17]} 2...
d5 {[%clk 1:31:23]} 3. c4 {[%clk 1:31:40]} 3... Nf6 {[%clk 1:31:13]} 4. g3 {
[%clk 1:31:34]} 4... Bg4 {[%clk 1:28:27]} 5. Bg2 {[%clk 1:30:54]} 5... e6 {
[%clk 1:24:05]} 6. O-O {[%clk 1:27:57]} 6... Be7 {[%clk 1:20:34]} 7. e3 { [%clk
1:24:06]} 7... O-O {[%clk 1:15:54]} 8. Nbd2 {[%clk 1:21:06]} 8... Ne4 { [%clk
1:12:31]} 9. h3 {[%clk 1:18:59]} 9... Bxf3 {[%clk 1:12:31]} 10. Nxf3 { [%clk
1:17:39]} 10... f5 {[%clk 1:12:24]} 11. b3 {[%clk 1:07:48]} 11... h6 { [%clk
1:09:23]} 12. Bb2 {[%clk 0:59:45]} 12... Kh7 {[%clk 1:08:47]} 13. Nh2 { [%clk
0:56:13]} 13... Bd6 {[%clk 1:01:02]} 14. c5 {[%clk 0:40:30]} 14... Be7 { [%clk
1:00:30]} 15. a3 {[%clk 0:39:55]} 15... Bf6 {[%clk 0:53:37]} 16. Bxe4 { [%clk
0:34:52]} 16... fxe4 {[%clk 0:53:39]} 17. Ng4 {[%clk 0:34:52]} 17... Be7 {[%clk
0:52:26]} 18. Qc2 {[%clk 0:32:42]} 18... Kh8 {[%clk 0:50:33]} 19. Bc3 { [%clk
0:27:19]} 19... a6 {[%clk 0:48:39]} 20. b4 {[%clk 0:22:40]} 20... h5 { [%clk
0:47:24]} 21. Nh2 {[%clk 0:22:44]} 21... Qd7 {[%clk 0:45:49]} 22. f3 { [%clk
0:18:20]} 22... Bg5 {[%clk 0:40:08]} 23. Qe2 {[%clk 0:18:20]} 23... exf3 {[%clk
0:37:13]} 24. Nxf3 {[%clk 0:18:41]} 24... Qe7 {[%clk 0:35:52]} 25. Rae1 {[%clk
0:15:22]} 25... g6 {[%clk 0:30:24]} 26. a4 {[%clk 0:14:00]} 26... Na7 { [%clk
0:29:01]} 27. Ne5 {[%clk 0:13:42]} 27... Qg7 {[%clk 0:24:46]} 28. e4 { [%clk
0:12:53]} 28... Bf6 {[%clk 0:21:04]} 29. exd5 {[%clk 0:11:26]} 29... exd5
{[%clk 0:20:24]} 30. Qd3 {[%clk 0:11:32]} 30... Kh7 {[%clk 0:20:12]} 31. Rf2 {
[%clk 0:08:42]} 31... Bxe5 {[%clk 0:11:52]} 32. dxe5 {[%clk 0:08:52]} 32...
Rxf2 {[%clk 0:10:21]} 33. Kxf2 {[%clk 0:09:17]} 33... Qf7+ {[%clk 0:10:38]} 34.
Kg2 {[%clk 0:09:25]} 34... Re8 {[%clk 0:08:47]} 35. Rf1 {[%clk 0:09:31]} 35...
Qg8 {[%clk 0:08:34]} 36. Qe3 {[%clk 0:07:54]} 36... Nc6 {[%clk 0:07:45]} 37.
Bd2 {[%clk 0:07:53]} 37... Qg7 {[%clk 0:06:36]} 38. e6 {[%clk 0:05:08]} 38...
Re7 {[%clk 0:03:54]} 39. Qf3 {[%clk 0:00:53]} 39... Rxe6 {[%clk 0:01:50]} 40.
Qxd5 {[%clk 0:00:56]} 40... Re7 {[%clk 0:01:19]} 41. Qg5 {[%clk 0:25:58]} 41...
Re5 {[%clk 0:21:38]} 1/2-1/2

[Event "DEM U14 2018"]
[Site "Willingen GER"]
[Date "2018.05.20"]
[Round "1"]
[White "Klaas, Heiko"]
[Black "Krastev, Alexander"]
[Result "0-1"]
[Termination "normal"]
[Board "2"]
[WhiteElo "1773"]
[BlackElo "2230"]
[WhiteClock "00:21:50"]
[BlackClock "00:29:52"]
[PlyCount "84"]
[WhiteFideId "16215940"]
[BlackFideId "12989983"]
[EventCountry "GER"]
[EventRounds "9"]
[EventType "swiss"]
[EventDate "2018.05.19"]

1. e4 {[%clk 1:30:56]} 1... e5 {[%clk 1:30:52]} 2. Nf3 {[%clk 1:31:15]} 2...
Nc6 {[%clk 1:31:17]} 3. Bc4 {[%clk 1:31:37]} 3... Nf6 {[%clk 1:31:40]} 4. d3 {
[%clk 1:29:28]} 4... Bc5 {[%clk 1:30:46]} 5. Bb3 {[%clk 1:25:22]} 5... d6 {
[%clk 1:27:06]} 6. c3 {[%clk 1:24:25]} 6... h6 {[%clk 1:24:58]} 7. Nbd2 { [%clk
1:21:02]} 7... Be6 {[%clk 1:18:25]} 8. Nf1 {[%clk 1:03:39]} 8... O-O { [%clk
1:08:29]} 9. Ng3 {[%clk 0:53:32]} 9... d5 {[%clk 1:05:58]} 10. O-O { [%clk
0:44:03]} 10... Re8 {[%clk 1:04:25]} 11. Re1 {[%clk 0:34:16]} 11... Bb6 { [%clk
0:43:09]} 12. h3 {[%clk 0:28:36]} 12... a5 {[%clk 0:38:20]} 13. Ba4 { [%clk
0:25:53]} 13... dxe4 {[%clk 0:28:14]} 14. dxe4 {[%clk 0:22:25]} 14... Nd7
{[%clk 0:19:03]} 15. Be3 {[%clk 0:21:37]} 15... Bxe3 {[%clk 0:12:05]} 16. Rxe3
{[%clk 0:21:57]} 16... Bc4 {[%clk 0:12:04]} 17. b3 {[%clk 0:19:07]} 17... Ba6 {
[%clk 0:12:00]} 18. Qd5 {[%clk 0:16:28]} 18... Nb6 {[%clk 0:10:49]} 19. Qxd8 {
[%clk 0:15:52]} 19... Raxd8 {[%clk 0:11:15]} 20. Bxc6 {[%clk 0:16:09]} 20...
bxc6 {[%clk 0:11:43]} 21. c4 {[%clk 0:15:59]} 21... g6 {[%clk 0:10:37]} 22. Kf1
{[%clk 0:11:03]} 22... f6 {[%clk 0:09:25]} 23. Ke1 {[%clk 0:09:55]} 23... Nd7 {
[%clk 0:09:20]} 24. Kd2 {[%clk 0:04:44]} 24... Nc5+ {[%clk 0:07:53]} 25. Kc2 {
[%clk 0:05:06]} 25... Rd6 {[%clk 0:06:12]} 26. Rd1 {[%clk 0:03:30]} 26... Red8
{[%clk 0:05:12]} 27. Rd2 {[%clk 0:02:52]} 27... Kf7 {[%clk 0:05:25]} 28. Kc3 {
[%clk 0:02:55]} 28... Ne6 {[%clk 0:03:41]} 29. Ne2 {[%clk 0:02:16]} 29... c5 {
[%clk 0:03:23]} 30. Red3 {[%clk 0:01:42]} 30... Nd4 {[%clk 0:02:09]} 31. Nexd4
{[%clk 0:01:38]} 31... cxd4+ {[%clk 0:02:12]} 32. Kb2 {[%clk 0:01:41]} 32...
Rb8 {[%clk 0:01:50]} 33. Rc2 {[%clk 0:01:30]} 33... c5 {[%clk 0:01:28]} 34. Nd2
{[%clk 0:01:08]} 34... a4 {[%clk 0:00:44]} 35. Nb1 {[%clk 0:01:19]} 35... Rdb6
{[%clk 0:00:44]} 36. Na3 {[%clk 0:00:59]} 36... Rb4 {[%clk 0:00:37]} 37. Rc1 {
[%clk 0:00:51]} 37... f5 {[%clk 0:00:46]} 38. f3 {[%clk 0:01:06]} 38... Ke6 {
[%clk 0:00:47]} 39. Rd2 {[%clk 0:00:38]} 39... axb3 {[%clk 0:01:00]} 40. axb3 {
[%clk 0:00:57]} 40... Rxb3+ {[%clk 0:01:27]} 41. Ka2 {[%clk 0:00:52]} 41...
R3b4 {[%clk 0:00:33]} 42. Rcc2 {[%clk 0:21:50]} 42... Ra8 {[%clk 0:29:52]} 0-1

[Event "DEM U14 2018"]
[Site "Willingen GER"]
[Date "2018.05.20"]
[Round "1"]
[White "Trifan, Andrei Ioan"]
[Black "Popist, Florian"]
[Result "1-0"]
[Termination "normal"]
[Board "3"]
[WhiteElo "2204"]
[BlackElo "1850"]
[WhiteClock "00:20:52"]
[BlackClock "00:28:15"]
[PlyCount "91"]
[WhiteFideId "12967068"]
[BlackFideId "16203518"]
[EventCountry "GER"]
[EventRounds "9"]
[EventType "swiss"]
[EventDate "2018.05.19"]

1. e4 {[%clk 1:30:55]} 1... c5 {[%clk 1:30:54]} 2. Nf3 {[%clk 1:31:18]} 2... e6
{[%clk 1:31:18]} 3. c4 {[%clk 1:31:15]} 3... Nc6 {[%clk 1:31:32]} 4. d4 { [%clk
1:31:10]} 4... cxd4 {[%clk 1:31:53]} 5. Nxd4 {[%clk 1:31:31]} 5... Nf6 { [%clk
1:32:12]} 6. Nc3 {[%clk 1:31:11]} 6... Bb4 {[%clk 1:32:34]} 7. Nxc6 { [%clk
1:30:47]} 7... bxc6 {[%clk 1:32:48]} 8. Bd3 {[%clk 1:30:20]} 8... e5 { [%clk
1:32:59]} 9. O-O {[%clk 1:29:35]} 9... Bc5 {[%clk 1:31:17]} 10. Qe2 { [%clk
1:21:52]} 10... O-O {[%clk 1:30:32]} 11. Be3 {[%clk 1:20:11]} 11... Bxe3 {[%clk
1:25:17]} 12. Qxe3 {[%clk 1:19:48]} 12... d6 {[%clk 1:25:19]} 13. Rac1 { [%clk
1:14:07]} 13... c5 {[%clk 1:22:12]} 14. Rfd1 {[%clk 1:10:22]} 14... Qe7 { [%clk
1:19:25]} 15. Be2 {[%clk 1:06:23]} 15... Bb7 {[%clk 1:17:46]} 16. Rd3 { [%clk
1:04:27]} 16... Rfd8 {[%clk 1:15:33]} 17. Rcd1 {[%clk 1:00:01]} 17... Rd7
{[%clk 1:10:07]} 18. Bf3 {[%clk 0:57:26]} 18... Rad8 {[%clk 1:02:40]} 19. g3 {
[%clk 0:53:31]} 19... Bc6 {[%clk 0:57:31]} 20. Bg2 {[%clk 0:51:39]} 20... Ne8 {
[%clk 0:55:13]} 21. R1d2 {[%clk 0:43:45]} 21... Qe6 {[%clk 0:49:53]} 22. b3 {
[%clk 0:39:30]} 22... Rb7 {[%clk 0:41:01]} 23. f4 {[%clk 0:33:32]} 23... f6 {
[%clk 0:39:41]} 24. f5 {[%clk 0:30:42]} 24... Qe7 {[%clk 0:38:29]} 25. g4 {
[%clk 0:30:14]} 25... a5 {[%clk 0:28:12]} 26. h4 {[%clk 0:28:28]} 26... a4 {
[%clk 0:23:27]} 27. Bf1 {[%clk 0:25:02]} 27... axb3 {[%clk 0:18:48]} 28. axb3 {
[%clk 0:25:30]} 28... Nc7 {[%clk 0:17:22]} 29. Nd1 {[%clk 0:24:23]} 29... Na6 {
[%clk 0:16:00]} 30. Rg2 {[%clk 0:23:52]} 30... Nb4 {[%clk 0:15:37]} 31. Rdd2 {
[%clk 0:22:35]} 31... Be8 {[%clk 0:14:25]} 32. Nc3 {[%clk 0:20:06]} 32... Ra8 {
[%clk 0:09:54]} 33. Be2 {[%clk 0:16:54]} 33... Ra3 {[%clk 0:05:26]} 34. Bd1 {
[%clk 0:16:51]} 34... Ra1 {[%clk 0:04:19]} 35. Kh2 {[%clk 0:14:52]} 35... Kh8 {
[%clk 0:03:49]} 36. g5 {[%clk 0:14:07]} 36... Ra6 {[%clk 0:02:23]} 37. Rg3 {
[%clk 0:12:04]} 37... g6 {[%clk 0:01:16]} 38. fxg6 {[%clk 0:08:27]} 38... hxg6
{[%clk 0:01:04]} 39. gxf6 {[%clk 0:07:46]} 39... Qh7 {[%clk 0:00:46]} 40. Qg5 {
[%clk 0:05:52]} 40... Bf7 {[%clk 0:00:31]} 41. Kg1 {[%clk 0:27:23]} 41... Rb8 {
[%clk 0:28:20]} 42. Rh2 {[%clk 0:25:40]} 42... Rg8 {[%clk 0:28:33]} 43. Qd2 {
[%clk 0:24:03]} 43... d5 {[%clk 0:28:01]} 44. exd5 {[%clk 0:23:14]} 44... Rxf6
{[%clk 0:28:18]} 45. Qe3 {[%clk 0:22:28]} 45... Rf5 {[%clk 0:28:15]} 46. Bg4 {
[%clk 0:20:52]} 1-0

[Event "DEM U14 2018"]
[Site "Willingen GER"]
[Date "2018.05.20"]
[Round "1"]
[White "Arakelian, Aik"]
[Black "Nguyen, Alex Dac-Vuong"]
[Result "0-1"]
[Termination "normal"]
[Board "4"]
[WhiteElo "1932"]
[BlackElo "2167"]
[WhiteClock "00:22:22"]
[BlackClock "00:31:47"]
[PlyCount "86"]
[WhiteFideId "16220340"]
[BlackFideId "12984388"]
[EventCountry "GER"]
[EventRounds "9"]
[EventType "swiss"]
[EventDate "2018.05.19"]

1. e4 {[%clk 1:30:29]} 1... e6 {[%clk 1:30:45]} 2. d4 {[%clk 1:30:35]} 2... d5
{[%clk 1:31:08]} 3. Nc3 {[%clk 1:30:52]} 3... Nf6 {[%clk 1:31:09]} 4. e5 {
[%clk 1:30:50]} 4... Nfd7 {[%clk 1:31:33]} 5. f4 {[%clk 1:31:09]} 5... c5 {
[%clk 1:31:55]} 6. Nf3 {[%clk 1:31:13]} 6... Nc6 {[%clk 1:32:14]} 7. Be3 {
[%clk 1:31:30]} 7... Be7 {[%clk 1:30:04]} 8. Qd2 {[%clk 1:30:58]} 8... O-O {
[%clk 1:30:12]} 9. Be2 {[%clk 1:29:42]} 9... a6 {[%clk 1:29:51]} 10. O-O {
[%clk 1:29:15]} 10... b5 {[%clk 1:29:04]} 11. a3 {[%clk 1:28:55]} 11... Rb8 {
[%clk 1:21:55]} 12. Nd1 {[%clk 1:18:23]} 12... Qc7 {[%clk 1:18:21]} 13. c3 {
[%clk 1:14:22]} 13... Na5 {[%clk 1:17:09]} 14. Qc2 {[%clk 1:12:31]} 14... cxd4
{[%clk 1:02:55]} 15. Bxd4 {[%clk 1:08:39]} 15... Nc4 {[%clk 1:03:03]} 16. b4 {
[%clk 0:48:15]} 16... f5 {[%clk 0:46:07]} 17. exf6 {[%clk 0:48:38]} 17... gxf6
{[%clk 0:46:29]} 18. Bd3 {[%clk 0:47:00]} 18... Rf7 {[%clk 0:46:36]} 19. Ng5 {
[%clk 0:28:48]} 19... fxg5 {[%clk 0:42:26]} 20. Bxh7+ {[%clk 0:27:01]} 20...
Kf8 {[%clk 0:38:55]} 21. Qg6 {[%clk 0:26:55]} 21... Bf6 {[%clk 0:27:51]} 22.
Qh6+ {[%clk 0:07:31]} 22... Ke7 {[%clk 0:26:53]} 23. Bg6 {[%clk 0:05:45]} 23...
Bxd4+ {[%clk 0:26:07]} 24. cxd4 {[%clk 0:05:35]} 24... Rxf4 {[%clk 0:21:49]}
25. Qxg5+ {[%clk 0:05:45]} 25... Rf6 {[%clk 0:22:15]} 26. Bh5 {[%clk 0:05:35]}
26... Qd8 {[%clk 0:15:55]} 27. Rxf6 {[%clk 0:04:58]} 27... Nxf6 {[%clk 0:16:20]
} 28. Nc3 {[%clk 0:05:11]} 28... Qg8 {[%clk 0:14:12]} 29. Bg6 {[%clk 0:03:16]}
29... Bd7 {[%clk 0:08:53]} 30. Re1 {[%clk 0:02:45]} 30... Bc6 {[%clk 0:09:19]}
31. Qf4 {[%clk 0:02:04]} 31... Nd6 {[%clk 0:08:36]} 32. Qe5 {[%clk 0:01:35]}
32... Rf8 {[%clk 0:05:06]} 33. h4 {[%clk 0:01:25]} 33... Kd7 {[%clk 0:04:23]}
34. h5 {[%clk 0:01:23]} 34... Nc4 {[%clk 0:03:14]} 35. Qe2 {[%clk 0:01:32]}
35... Kd6 {[%clk 0:02:57]} 36. g4 {[%clk 0:01:43]} 36... Be8 {[%clk 0:02:17]}
37. Bf5 {[%clk 0:00:53]} 37... Bf7 {[%clk 0:01:55]} 38. Qh2+ {[%clk 0:00:42]}
38... Kd7 {[%clk 0:02:19]} 39. Qh4 {[%clk 0:00:41]} 39... Qh8 {[%clk 0:02:17]}
40. Bd3 {[%clk 0:00:51]} 40... Rg8 {[%clk 0:02:03]} 41. Be2 {[%clk 0:00:32]}
41... Nxg4 {[%clk 0:02:02]} 42. Kh1 {[%clk 0:25:18]} 42... Qxd4 {[%clk 0:31:38]
} 43. Nd1 {[%clk 0:22:22]} 43... Qe4+ {[%clk 0:31:47]} 0-1